mcu movies in order - Statistics

General Stats
  • This quiz has been taken 74 times
  • The average score is 33 of 40
Answers on the Grid
Answers color-coded by a green-red scale on the quiz's grid according to % correct below.
iron man
the incredible hulk
iron man 2
thor
captain america the first avenger
the avengers
iron man 3
thor the dark world
captain america the winter soldier
guardians of the galaxy
avengers age of ultron
ant man
captain america civil war
doctor strange
guardians of the galaxy vol 2
spiderman homecoming
thor Ragnarök
black panther
avengers infinity war
ant man and the wasp
captain marvel
avengers endgame
spiderman far from home
black widow
shang chi and the legend of the ten rings
eternals
spiderman no way home
doctor strange in the multiverse of madness
thor love and thunder
black panther wakanda forever
ant man and the wasp quantumania
guardians of the galaxy vol 3
the marvels
deadpool & wolverine
captain america brave new world
guardians of the galaxy vol 4
iron man 4
the incredible hulk 2
thunderbolts
the fantastic four first steps
avengers doomsday
spiderman 4
avengers secret wars
 
Answer Stats
Answer % Correct
avengers age of ultron
98%
captain america the first avenger
96%
guardians of the galaxy
96%
iron man
96%
iron man 2
96%
iron man 3
96%
the avengers
96%
the incredible hulk
96%
thor
96%
thor the dark world
96%
ant man
95%
captain america the winter soldier
95%
guardians of the galaxy vol 2
95%
captain america civil war
93%
doctor strange
93%
avengers endgame
91%
avengers infinity war
91%
captain marvel
91%
spiderman far from home
91%
spiderman no way home
91%
thor Ragnarök
91%
black panther
89%
eternals
89%
ant man and the wasp
88%
ant man and the wasp quantumania
88%
black panther wakanda forever
88%
black widow
88%
spiderman homecoming
88%
doctor strange in the multiverse of madness
86%
shang chi and the legend of the ten rings
86%
guardians of the galaxy vol 3
84%
thor love and thunder
84%
the marvels
80%
deadpool & wolverine
79%
captain america brave new world
75%
the fantastic four first steps
20%
avengers doomsday
18%
avengers secret wars
18%
thunderbolts
16%
spiderman 4
13%
No matching quizzes found
Score Distribution
Percent of People with Each Score
Percentile by Number Answered
Your Score History
You have not taken this quiz